000 00598nam a2200229Ia 4500
003 OSt
005 20220924150004.0
006 a|||||r|||| 00| 0
007 ta
008 220923b |||||||| |||| 00| 0 per d
024 _a331281
037 _cTextual
040 _aARTS
_cARTS
_bper
041 _2per
_aper
082 _aV45.N5, 164J8.1
100 _aQadam Abbas Khaleeli Au.
_9221035
245 0 _aIran badaz Islam
260 _c1958
650 _aIRAN - HISTORY
942 _hV45.N5, 164J8.1
_cTEXL
_2CC
999 _c461890
_d461890